| 000 | 00834cam a22002535a 4500 | ||
|---|---|---|---|
| 999 |
_c27465 _d27436 |
||
| 005 | 20190703104655.0 | ||
| 008 | 140107t2014 at a frb 001 0 eng d | ||
| 020 | _a9781285434018 | ||
| 020 | _a1285434013 | ||
| 040 |
_aIiNdDKA _beng _cIiNdDKA _dEG-ScBUE |
||
| 082 | 0 | 4 |
_a351 _222 _bDEN |
| 100 | 1 | _aDenhardt, Robert B. | |
| 245 | 1 | 0 |
_aPublic administration : _ban action orientation / _cRobert B. Denhardt, Janet V. Denhardt, Tara A. Blanc. |
| 250 | _a7th ed., International ed. | ||
| 260 |
_aAustralia : _bWadsworth, Cengage Learning, _cc.2014. |
||
| 300 |
_axviii, 445 p. : _bill. ; _c24 cm. |
||
| 504 | _aIncludes bibliographical references and index. | ||
| 650 | 7 |
_aPublic administration. _2BUEsh |
|
| 651 | _2BUEsh | ||
| 653 |
_bBUSADM _cMay2019 |
||
| 700 | 1 | _aDenhardt, Janet V. | |
| 700 | 1 | _aBlanc, Tara A. | |
| 942 | _2ddc | ||